How useful are environmental safety standards in economics? <the> example of safe minimum standards for protection of species

Na minha lista:
Detalhes bibliográficos
Autor principal: Hohl, A.
Outros Autores: Tisdell, C.A
Formato: Livro
Idioma:inglês
Publicado em: Brisbane The University of Queensland 1992
Colecção:Discussion Paper No. 97
Assuntos:
Tags: Adicionar Tag
Sem tags, seja o primeiro a adicionar uma tag!

MARC

LEADER 00000nam a2200000 4500
001 c100363
005 20221123102209.5
022 |a 1033-4661 
041 0 |a eng 
044 |a AU 
245 1 0 |a How useful are environmental safety standards in economics?  |b <the> example of safe minimum standards for protection of species  |c A. Hohl and C.A. Tisdell 
264 1 |a Brisbane  |b The University of Queensland  |c 1992 
300 |a 28 s. 
490 1 |a Discussion Paper  |v No. 97 
830 0 |a Discussion Paper  |v No. 97 
610 2 0 |a bezpečnosť environmentálna 
610 2 0 |a ochrana prostredia životného 
610 2 0 |a teórie ekonomické 
610 2 0 |a znečistenie ovzdušia 
610 2 0 |a znečistenie pôdy 
610 2 0 |a znečistenie prostredia životného 
610 2 0 |a znečistenie vôd 
610 2 0 |a zodpovednosť právna 
610 2 0 |a zodpovednosť spoločenská 
100 1 |a Hohl, A. 
700 1 |a Tisdell, C.A.